[Event "IECG OP.2006.0.00091"]
[Site "IECG email"]
[Date "2006.07.09"]
[Round "?"]
[White "Sanmartin Maissa, Gonzalo"]
[Black "Ciesla, Daniel"]
[Result "0-1"]
[WhiteElo "1700"]
[BlackElo "1622"]
[PlyCount "42"]
[EventDate "2006.07.09"]
[EventType "tourn (corr)"]
[EventRounds "6"]
[SourceTitle "Corr 2008"]
[Source "ChessBase"]
[SourceDate "2008.06.24"]
[SourceVersion "1"]
[SourceVersionDate "2008.06.24"]
[SourceQuality "1"]

1. e4 d6 2. d4 Nf6 3. Nc3 e5 4. dxe5 dxe5 5. Qxd8+ Kxd8 6. Bg5 Be6 7. Nf3 Nbd7 8. 0-0-0 Kc8 9. Bb5 c6 10. Ba4 Bb4 11. Bxf6 gxf6 12. Rd3 Kc7 13. a3 Bxc3 14. Rxc3 Rad8 15. Rd1 Nb6 16. Bb3 Rxd1+ 17. Kxd1 Rd8+ 18. Kc1 Bxb3 19. Rxb3 Nc4 20. Rd3 Rxd3 21. cxd3 Nd6 0-1

[Event "IECG CC.2003.0.00075 email"]
[Site "IECG email"]
[Date "2003.09.21"]
[Round "?"]
[White "Sanmartin Maissa, Gonzalo"]
[Black "Acosta, Diego Andres"]
[Result "0-1"]
[WhiteElo "1700"]
[BlackElo "1609"]
[PlyCount "40"]
[EventDate "2003.09.21"]
[EventType "tourn (corr)"]
[EventRounds "6"]
[SourceTitle "Corr 2008"]
[Source "ChessBase"]
[SourceDate "2008.06.24"]
[SourceVersion "1"]
[SourceVersionDate "2008.06.24"]
[SourceQuality "1"]

1. e4 e6 2. d4 d5 3. Nc3 Bb4 4. e5 c5 5. a3 Bxc3+ 6. bxc3 Ne7 7. a4 Nbc6 8. Nf3 Qa5 9. Qd2 Bd7 10. Be2 f6 11. exf6 gxf6 12. 0-0 Nf5 13. Bb2 cxd4 14. cxd4 Nfxd4 15. Qd3 Nxe2+ 16. Qxe2 0-0 17. Nd2 e5 18. Rfd1 Bf5 19. Nb3 Qd8 20. Rd2 Rf7 0-1